Vertical integration in the oil industry

Spremljeno u:
Bibliografski detalji
Glavni autor: Mitchell, Edward J.
Format: Knjiga
Jezik:Undetermined
Izdano: Washington The AEI National Energy project 1974
Teme:
Oznake: Dodaj oznaku
Bez oznaka, Budi prvi tko označuje ovaj zapis!
Thư viện lưu trữ: Trung tâm Học liệu Trường Đại học Cần Thơ
LEADER 00555nam a2200193Ia 4500
001 CTU_86270
008 210402s9999 xx 000 0 und d
082 |a 338.8 
082 |b M681 
100 |a Mitchell, Edward J. 
245 0 |a Vertical integration in the oil industry 
245 0 |c Edward J. Mitchell 
260 |a Washington 
260 |b The AEI National Energy project 
260 |c 1974 
650 |a Petroleum industry and trade 
650 |x Vertical integration 
904 |i Năm 
980 |a Trung tâm Học liệu Trường Đại học Cần Thơ